[Event "SLO-chT2 East"]
[Site "Slovenia"]
[Date "2017.10.21"]
[Round "5"]
[White "Zganec, Albin"]
[Black "Keglevic, Andre"]
[Result "1/2-1/2"]
[WhiteElo "2178"]
[BlackElo "1762"]
[PlyCount "128"]
[EventDate "2017.09.30"]
[EventType "team-tourn"]
[EventRounds "9"]
[EventCountry "SLO"]
[SourceTitle "EXT 2019"]
[Source "ChessBase"]
[SourceDate "2018.10.10"]
[SourceVersion "1"]
[SourceVersionDate "2018.10.10"]
[SourceQuality "1"]

1. e4 e6 2. d4 d5 3. Nc3 Bb4 4. Bd2 dxe4 5. Qg4 Qxd4 6. 0-0-0 f5 7. Qh5+ g6 8. Qe2 Qf6 9. Nxe4 Bxd2+ 10. Nxd2 Ne7 11. Nc4 0-0 12. f4 Nbc6 13. Nf3 b6 14. Nce5 a5 15. Qf2 Nxe5 16. Nxe5 a4 17. a3 Ra5 18. h4 Rc5 19. Be2 Nc6 20. Nd3 Rd5 21. Bf3 Rd6 22. Bxc6 Rxc6 23. Ne5 Rc5 24. Qg3 Kh8 25. Qg5 Rd5 26. Rde1 Kg7 27. h5 Qxg5 28. fxg5 gxh5 29. Rxh5 f4 30. Rh6 Rf5 31. Nf3 Rxg5 32. Reh1 Rxg2 33. Rxh7+ Kf6 34. Rxc7 Rc5 35. Rxc5 bxc5 36. Rh8 Bb7 37. Rf8+ Ke7 38. Rxf4 Rf2 39. Ne5 Rxf4 40. Ng6+ Kd6 41. Nxf4 e5 42. Ne2 Bc6 43. Kd2 c4 44. Ke3 Kc5 45. Nc3 Be8 46. Ne4+ Kc6 47. Kd2 Bd7 48. Kc3 Be6 49. Kb4 Bf5 50. Nc3 Bxc2 51. Kxc4 e4 52. Kd4 e3 53. Kxe3 Kc5 54. Kd2 Bb3 55. Ne2 Kc4 56. Nc1 Kd4 57. Nxb3+ axb3 58. Ke2 Ke4 59. a4 Kd4 60. a5 Kc5 61. a6 Kb6 62. a7 Kxa7 63. Kd3 Ka6 64. Kc3 Ka5 1/2-1/2

[Event "SLO-chT2 East"]
[Site "Slovenia"]
[Date "2017.10.15"]
[Round "2"]
[White "Maric Vild, Fabijan"]
[Black "Zganec, Albin"]
[Result "1/2-1/2"]
[WhiteElo "1644"]
[BlackElo "2178"]
[PlyCount "65"]
[EventDate "2017.09.30"]
[EventType "team-tourn"]
[EventRounds "9"]
[EventCountry "SLO"]
[SourceTitle "EXT 2019"]
[Source "ChessBase"]
[SourceDate "2018.10.10"]
[SourceVersion "1"]
[SourceVersionDate "2018.10.10"]
[SourceQuality "1"]

1. e4 e6 2. d4 d5 3. Nc3 Bb4 4. e5 Qd7 5. Qg4 f5 6. Qg3 b6 7. a3 Bf8 8. Bd2 Ba6 9. Bxa6 Nxa6 10. Nge2 0-0-0 11. Qd3 Kb7 12. b4 Bxb4 13. axb4 Nxb4 14. Rxa7+ Kb8 15. Qb5 Nxc2+ 16. Kd1 Kxa7 17. Kxc2 Qxb5 18. Nxb5+ Kb8 19. Kd3 Nh6 20. Bg5 Rd7 21. Bxh6 gxh6 22. Nf4 Re7 23. Rc1 Rc8 24. Rc6 Rce8 25. Rc1 Rc8 26. Rc6 Rce8 27. Rc1 Kb7 28. Rxc7+ Ka6 29. Rxe7 Rxe7 30. Nd6 Ka5 31. Nc8 Re8 32. Nd6 Re7 33. Nc8 1/2-1/2

[Event "SLO-chT2 East"]
[Site "Slovenia"]
[Date "2016.11.12"]
[Round "6"]
[White "Zganec, Albin"]
[Black "Psenicnik, Zoran"]
[Result "1-0"]
[WhiteElo "2184"]
[BlackElo "2067"]
[PlyCount "85"]
[EventDate "2016.09.24"]
[EventType "team-tourn"]
[EventRounds "9"]
[EventCountry "SLO"]
[SourceTitle "EXT 2019"]
[Source "ChessBase"]
[SourceDate "2018.10.10"]
[SourceVersion "1"]
[SourceVersionDate "2018.10.10"]
[SourceQuality "1"]
[WhiteTeam "Maribor Gambit"]
[BlackTeam "Dravograd"]
[WhiteTeamCountry "SLO"]
[BlackTeamCountry "SLO"]

1. e4 d5 2. exd5 Nf6 3. c4 c6 4. d4 cxd5 5. Nc3 e6 6. Nf3 Nc6 7. cxd5 Nxd5 8. Bd3 Nxc3 9. bxc3 Bd7 10. 0-0 Be7 11. Qe2 Qa5 12. Bd2 a6 13. a4 Qh5 14. Rfb1 Nd8 15. Ne5 Qxe2 16. Bxe2 Bd6 17. Nxd7 Kxd7 18. c4 Bc7 19. Bc3 Rb8 20. d5 f6 21. Bg4 Be5 22. Bxe5 fxe5 23. Rb6 Rc8 24. dxe6+ Ke7 25. Rd1 Rxc4 26. Rd7+ Kf6 27. e7+ Nc6 28. h3 Re8 29. Rdxb7 Rxe7 30. Bd7 Rxa4 31. Bxc6 Ra1+ 32. Kh2 Re6 33. Bd5 Rxb6 34. Rxb6+ Kg5 35. Rb7 Kf6 36. Rf7+ Kg6 37. Rf8 Re1 38. f3 a5 39. h4 a4 40. Be4+ Kh6 41. Ra8 Ra1 42. Ra6+ g6 43. Ra7 1-0

[Event "SLO-chT2 East"]
[Site "Slovenia"]
[Date "2016.10.29"]
[Round "5"]
[White "Mihevc Mohr, Narcisa"]
[Black "Zganec, Albin"]
[Result "1/2-1/2"]
[WhiteElo "2068"]
[BlackElo "2184"]
[PlyCount "37"]
[EventDate "2016.09.24"]
[EventType "team-tourn"]
[EventRounds "9"]
[EventCountry "SLO"]
[SourceTitle "EXT 2019"]
[Source "ChessBase"]
[SourceDate "2018.10.10"]
[SourceVersion "1"]
[SourceVersionDate "2018.10.10"]
[SourceQuality "1"]
[WhiteTeam "Maribor ZSK III"]
[BlackTeam "Maribor Gambit"]
[WhiteTeamCountry "SLO"]
[BlackTeamCountry "SLO"]

1. e4 e6 2. d4 d5 3. Nd2 Nc6 4. Ngf3 Nf6 5. e5 Nd7 6. Bb5 f6 7. exf6 Qxf6 8. Nb3 Bd6 9. 0-0 0-0 10. c3 b6 11. Bd3 e5 12. dxe5 Ncxe5 13. Nxe5 Nxe5 14. Be2 c6 15. Be3 Qg6 16. Bh5 Qd3 17. Be2 Qg6 18. Bh5 Qd3 19. Be2 1/2-1/2

[Event "SLO-chT2 East"]
[Site "Slovenia"]
[Date "2016.10.01"]
[Round "2"]
[White "Zganec, Albin"]
[Black "Pozun, Matej"]
[Result "1/2-1/2"]
[WhiteElo "2184"]
[BlackElo "2082"]
[PlyCount "110"]
[EventDate "2016.09.24"]
[EventType "team-tourn"]
[EventRounds "9"]
[EventCountry "SLO"]
[SourceTitle "EXT 2019"]
[Source "ChessBase"]
[SourceDate "2018.10.10"]
[SourceVersion "1"]
[SourceVersionDate "2018.10.10"]
[SourceQuality "1"]
[WhiteTeam "Maribor Gambit"]
[BlackTeam "Krsko Triglav II"]
[WhiteTeamCountry "SLO"]
[BlackTeamCountry "SLO"]

1. e4 c5 2. Nf3 Nc6 3. d4 cxd4 4. Nxd4 Nf6 5. Nc3 e5 6. Ndb5 d6 7. Nd5 Nxd5 8. exd5 Nb8 9. c4 Be7 10. Be2 a6 11. Nc3 0-0 12. 0-0 Nd7 13. Kh1 f5 14. f4 e4 15. Be3 Bf6 16. Rc1 Kh8 17. b4 b6 18. Qd2 Qc7 19. Rfd1 Bb7 20. Bf1 Bxc3 21. Qxc3 a5 22. a3 axb4 23. axb4 Nf6 24. Qd4 Ra4 25. Qxb6 Qxb6 26. Bxb6 Rxb4 27. Rb1 Rxb1 28. Rxb1 Rc8 29. Bd4 Ba6 30. Bxf6 gxf6 31. Rb4 Rc7 32. Kg1 Kg7 33. Kf2 Rb7 34. Rxb7+ Bxb7 35. Ke3 Kf7 36. Kd4 Ba6 37. Kc3 Ke7 38. Kb4 Bc8 39. Kb5 Bd7+ 40. Kb6 Kd8 41. Be2 h6 42. c5 dxc5 43. Kxc5 Kc7 44. d6+ Kd8 45. g3 Be6 46. Bb5 Bb3 47. Kd4 Be6 48. Bc6 h5 49. Bb5 Bf7 50. Kc5 Be8 51. Bc4 Ba4 52. Bf7 Bd1 53. Kd4 Kd7 54. h3 Kxd6 55. Bc4 Ba4 1/2-1/2

[Event "SLO-chT2 East"]
[Site "Slovenia"]
[Date "2015.11.07"]
[Round "7"]
[White "Zganec, Albin"]
[Black "Puntigam, Silvester"]
[Result "1/2-1/2"]
[WhiteElo "2120"]
[BlackElo "2011"]
[PlyCount "51"]
[EventDate "2015.09.05"]
[EventType "team-tourn"]
[EventRounds "9"]
[EventCountry "SLO"]
[SourceTitle "EXT 2019"]
[Source "ChessBase"]
[SourceDate "2018.10.10"]
[SourceVersion "1"]
[SourceVersionDate "2018.10.10"]
[SourceQuality "1"]
[WhiteTeam "Maribor Gambit"]
[BlackTeam "Gornja Radgona"]
[WhiteTeamCountry "SLO"]
[BlackTeamCountry "SLO"]

1. d4 Nf6 2. c4 g6 3. Nc3 Bg7 4. e4 0-0 5. Nf3 d6 6. Be2 e5 7. 0-0 Nc6 8. d5 Ne7 9. Ne1 Nd7 10. Nd3 f5 11. Bd2 Nf6 12. f3 f4 13. c5 g5 14. Rc1 Ng6 15. Nb5 Rf7 16. cxd6 cxd6 17. Qc2 g4 18. Nc7 gxf3 19. gxf3 Bh3 20. Nxa8 Nxe4 21. fxe4 Qg5+ 22. Kf2 Qh4+ 23. Kg1 Qg5+ 24. Kf2 Qh4+ 25. Kg1 Qg5+ 26. Kf2 1/2-1/2

[Event "SLO-chT2 East"]
[Site "Slovenia"]
[Date "2014.10.25"]
[Round "6"]
[White "Zganec, Albin"]
[Black "Ivekovic, Mario"]
[Result "0-1"]
[WhiteElo "2111"]
[BlackElo "2217"]
[PlyCount "90"]
[EventDate "2014.09.13"]
[EventType "team-tourn"]
[EventRounds "9"]
[EventCountry "SLO"]
[SourceTitle "EXT 2019"]
[Source "ChessBase"]
[SourceDate "2018.10.10"]
[SourceVersion "1"]
[SourceVersionDate "2018.10.10"]
[SourceQuality "1"]
[WhiteTeam "Maribor Gambit"]
[BlackTeam "Brezice"]
[WhiteTeamCountry "SLO"]
[BlackTeamCountry "SLO"]

1. e4 c6 2. d4 d5 3. Nc3 dxe4 4. Nxe4 Nf6 5. Nxf6+ exf6 6. Bc4 Qe7+ 7. Qe2 Be6 8. Bxe6 Qxe6 9. Bd2 Bd6 10. 0-0-0 0-0 11. Kb1 Nd7 12. Re1 Rfe8 13. Qd1 Qd5 14. Rxe8+ Rxe8 15. Nf3 c5 16. dxc5 Bxc5 17. Be3 Qxd1+ 18. Rxd1 Bxe3 19. Rxd7 Bxf2 20. Rxb7 g5 21. c3 g4 22. Nd2 Re2 23. Nc4 Bg1 24. Nd6 Bxh2 25. Nxf7 Rxg2 26. Nh6+ Kh8 27. Rxa7 Bf4 28. Nf5 h5 29. a4 Rg1+ 30. Ka2 g3 31. Nh4 Bg5 32. Ng6+ Kg8 33. Ne7+ Kf8 34. Ng6+ Ke8 35. Re7+ Kd8 36. Re2 h4 37. Nxh4 Bxh4 38. a5 g2 39. Kb3 Bg3 40. a6 Bb8 41. Kc4 f5 42. Kb5 f4 43. Kc6 f3 44. Rd2+ Kc8 45. Rd7 Ra1 0-1

[Event "SLO-chT2 East"]
[Site "Slovenia"]
[Date "2013.10.26"]
[Round "4"]
[White "Bohak, Janko"]
[Black "Zganec, Albin"]
[Result "1/2-1/2"]
[WhiteElo "2038"]
[BlackElo "2066"]
[PlyCount "49"]
[EventDate "2013.09.07"]
[EventType "team-tourn"]
[EventRounds "9"]
[EventCountry "SLO"]
[SourceTitle "EXT 2015"]
[Source "ChessBase"]
[SourceDate "2014.11.20"]
[SourceVersion "1"]
[SourceVersionDate "2014.11.20"]
[SourceQuality "1"]

1. e4 Nf6 2. e5 Nd5 3. c4 Nb6 4. c5 Nd5 5. Bc4 e6 6. Nc3 Nxc3 7. bxc3 Bxc5 8. d4 Bf8 9. Nf3 d5 10. Bd3 b6 11. 0-0 Qd7 12. Qe2 a5 13. Be3 Ba6 14. a4 Bxd3 15. Qxd3 Nc6 16. Ng5 h6 17. Nh3 Kd8 18. Nf4 h5 19. Nh3 Kc8 20. Bg5 Kb7 21. f4 g6 22. Bf6 Rg8 23. Ng5 Bh6 24. Nh3 Bg7 25. Bh4 1/2-1/2

[Event "SLO-chT2 East"]
[Site "Slovenia"]
[Date "2013.10.12"]
[Round "2"]
[White "Skuhala, Jernej"]
[Black "Zganec, Albin"]
[Result "0-1"]
[WhiteElo "1914"]
[BlackElo "2066"]
[PlyCount "94"]
[EventDate "2013.09.07"]
[EventType "team-tourn"]
[EventRounds "9"]
[EventCountry "SLO"]
[SourceTitle "EXT 2015"]
[Source "ChessBase"]
[SourceDate "2014.11.20"]
[SourceVersion "1"]
[SourceVersionDate "2014.11.20"]
[SourceQuality "1"]

1. e4 e6 2. d4 d5 3. Nc3 Bb4 4. e5 Qd7 5. a3 Bxc3+ 6. bxc3 b6 7. Nf3 Ba6 8. Bxa6 Nxa6 9. Qd3 Nb8 10. Be3 Nc6 11. 0-0 Na5 12. Nd2 Qc6 13. Rfb1 Nc4 14. Nxc4 dxc4 15. Qe2 a5 16. Bg5 h6 17. Bh4 g5 18. Bg3 Ne7 19. f4 Nd5 20. Qf3 0-0-0 21. f5 g4 22. Qe4 Kb7 23. fxe6 fxe6 24. Be1 Rdf8 25. Bd2 g3 26. hxg3 Rhg8 27. Qh4 h5 28. Rf1 Rxf1+ 29. Rxf1 Qe8 30. Qe4 Rxg3 31. Kh2 Rg4 32. Qe2 Qg6 33. Be1 Qe4 34. Rf2 Qxe2 35. Rxe2 Kc6 36. Bd2 Kb5 37. Re1 Ka4 38. Kg1 Kxa3 39. Kf2 Kb2 40. Rh1 Kxc2 41. Be1 a4 42. Rxh5 Rg8 43. Rh1 a3 44. Kf3 a2 45. Bh4 Kb2 46. g4 a1Q 47. Rxa1 Kxa1 0-1

[Event "SLO-chT2 East"]
[Site "Slovenia"]
[Date "2013.10.12"]
[Round "3"]
[White "Zganec, Albin"]
[Black "Florjancic, Rudolf"]
[Result "1-0"]
[WhiteElo "2066"]
[BlackElo "1872"]
[PlyCount "119"]
[EventDate "2013.09.07"]
[EventType "team-tourn"]
[EventRounds "9"]
[EventCountry "SLO"]
[SourceTitle "EXT 2015"]
[Source "ChessBase"]
[SourceDate "2014.11.20"]
[SourceVersion "1"]
[SourceVersionDate "2014.11.20"]
[SourceQuality "1"]

1. e4 c5 2. Nf3 Nc6 3. d4 cxd4 4. Nxd4 Nf6 5. Nc3 g6 6. Be3 Bg7 7. Bc4 d6 8. f3 Bd7 9. Qd2 a6 10. Bb3 Qc7 11. 0-0-0 b5 12. h4 Rc8 13. h5 Ne5 14. h6 Bf8 15. Bg5 b4 16. Nce2 a5 17. Bxf6 exf6 18. Kb1 Nc4 19. Bxc4 Qxc4 20. Nf4 Be6 21. b3 Qc5 22. Nfxe6 fxe6 23. Nxe6 Qc6 24. Nf4 Be7 25. Nd5 Kf7 26. Ne3 Rhd8 27. Nc4 Qc5 28. Qd5+ Qxd5 29. Rxd5 a4 30. Nb6 Rc5 31. Nxa4 Rxd5 32. exd5 Rb8 33. a3 Rb5 34. Rd1 Bf8 35. axb4 Rxb4 36. Kb2 Bxh6 37. c4 Be3 38. Re1 Bf2 39. Re6 Bg3 40. Ka3 Rb8 41. Nc3 f5 42. b4 Re8 43. Rxe8 Kxe8 44. Nb5 Kd7 45. c5 dxc5 46. bxc5 g5 47. c6+ Ke7 48. Kb3 h5 49. c7 Kd7 50. d6 Bf2 51. Kc4 h4 52. Kd5 g4 53. fxg4 fxg4 54. Nc3 h3 55. Ne4 Bd4 56. gxh3 g3 57. Nxg3 Bb6 58. h4 Bxc7 59. dxc7 Kxc7 60. Ke6 1-0